Handel zagraniczny Polski a teoria handlu miedzynarodowego.
Spätosť medzi teóriou a praxou medzinárodného obchodu. Výsledky empirických analýz dotýkajúcich sa zahraničného obchodu Poľska. Rozsah a intenzívnosť obratov. Tovarová štruktúra a efektívnosť obratov. Intenzita obchodu vnútri odvetvia. Teória medzinárodného obratu ako praktická náuka.
Gespeichert in:
| 1. Verfasser: | |
|---|---|
| Format: | Buchkapitel |
| Sprache: | Polnisch |
| Schlagworte: | |
| Tags: |
Keine Tags, Fügen Sie das erste Tag hinzu!
|
MARC
| LEADER | 00000naa a2200000 4500 | ||
|---|---|---|---|
| 001 | r007876 | ||
| 005 | 20221125122714.8 | ||
| 041 | 0 | |a pol | |
| 044 | |a PL | ||
| 245 | 1 | 0 | |a Handel zagraniczny Polski a teoria handlu miedzynarodowego. |c J. Misala |
| 520 | |a Spätosť medzi teóriou a praxou medzinárodného obchodu. Výsledky empirických analýz dotýkajúcich sa zahraničného obchodu Poľska. Rozsah a intenzívnosť obratov. Tovarová štruktúra a efektívnosť obratov. Intenzita obchodu vnútri odvetvia. Teória medzinárodného obratu ako praktická náuka. | ||
| 610 | 2 | 0 | |a obchod zahraničný |
| 610 | 2 | 0 | |a teórie ekonomické |
| 610 | 2 | 0 | |a PR |
| 610 | 2 | 0 | |a obrat obchodu zahraničného |
| 610 | 2 | 0 | |a teória a prax |
| 100 | 1 | |a Misala, J. | |